000 00663nam a2200217Ia 4500
005 20220210105004.0
008 210716s2009 xx 000 0 und d
020 _a9788122420913
040 _cAIMIT LIBRARY
041 _aeng
082 _a332.12
_22
_bMACH
100 _aMachiraju, H R.
_918882
245 _aModern commercial banking /
_cBy H. R. Machiraju.
250 _a2nd ed.
260 _aNew Delhi :
_bNew Age International Pvt Ltd ,
_c2009,
300 _axiii,341p. ;
_c24 cm.
650 _aModern Commercial Banking.
_918883
650 _aBanking Systems.
_918907
650 _aManagement of Capital.
_918908
942 _2ddc
_cBK
_e2nd
_k332.12 MACH
999 _c205516
_d205516